[Event "MVP-ch Seniors op 19th"]
[Site "Ostseebad Binz"]
[Date "2019.12.01"]
[Round "5"]
[White "Hobusch, Werner"]
[Black "Just, Joachim"]
[Result "1-0"]
[WhiteElo "2046"]
[BlackElo "1923"]
[PlyCount "119"]
[EventDate "2019.11.27"]
[EventType "swiss"]
[EventRounds "9"]
[EventCountry "GER"]
[SourceTitle "EXT 2021"]
[Source "ChessBase"]
[SourceDate "2020.10.23"]
[SourceVersion "1"]
[SourceVersionDate "2020.10.23"]
[SourceQuality "1"]

1. e4 g6 2. d4 Bg7 3. f4 c6 4. c3 d5 5. e5 Nh6 6. Bd3 Bf5 7. Nf3 e6 8. 0-0 Nd7 9. Na3 b5 10. Nc2 Nb6 11. Ne3 Bxd3 12. Qxd3 Nc4 13. b3 Nxe3 14. Bxe3 Nf5 15. g4 Ne7 16. Kg2 h5 17. h3 Qb6 18. Ng5 Qb7 19. Kg3 Rc8 20. Rf2 Bh6 21. Nf3 Bg7 22. Nh4 Kd7 23. f5 gxf5 24. gxf5 Rcg8 25. Kh2 Bf8 26. fxe6+ fxe6 27. Rf7 Rg7 28. Raf1 Ke8 29. Rxf8+ Rxf8 30. Rxf8+ Kxf8 31. Bh6 Ng8 32. Bxg7+ Qxg7 33. Qf3+ Qf7 34. Ng6+ Kg7 35. Qxf7+ Kxf7 36. Nf4 h4 37. Ng2 Kg6 38. Nxh4+ Kg5 39. Kg3 Ne7 40. Nf3+ Kf5 41. h4 a5 42. a3 Ke4 43. Ng5+ Kd3 44. Nxe6 Kxc3 45. h5 Kxb3 46. Kf4 Kxa3 47. h6 b4 48. Nc5 b3 49. Nxb3 Kxb3 50. Kg5 a4 51. h7 a3 52. h8Q a2 53. Qb8+ Ka3 54. Kf6 c5 55. Qa7+ Kb2 56. Qb6+ Kc2 57. Qxc5+ Kb2 58. Qb4+ Kc2 59. Qa3 Kb1 60. Kxe7 1-0

[Event "MVP-ch Seniors op 18th"]
[Site "Ostseebad Binz"]
[Date "2018.12.02"]
[Round "5"]
[White "Rollwitz, Juergen"]
[Black "Hobusch, Werner"]
[Result "0-1"]
[WhiteElo "1920"]
[BlackElo "2048"]
[PlyCount "86"]
[EventDate "2018.11.28"]
[EventType "swiss"]
[EventRounds "9"]
[EventCountry "GER"]
[SourceTitle "CBM 188 Extra"]
[Source "ChessBase"]
[SourceDate "2019.02.26"]
[SourceVersion "1"]
[SourceVersionDate "2019.02.26"]
[SourceQuality "1"]

1. d4 Nf6 2. Nf3 b6 3. e3 Bb7 4. Bd3 e6 5. b3 c5 6. Bb2 Be7 7. 0-0 0-0 8. Nbd2 Nc6 9. a3 Qc7 10. Rc1 cxd4 11. exd4 Qf4 12. Re1 d5 13. Nf1 Ne4 14. g3 Qg4 15. Ne3 Qg6 16. Ne5 Nxe5 17. dxe5 f5 18. Ng2 Bg5 19. f4 Be7 20. Bxe4 Bc5+ 21. Kh1 fxe4 22. Nh4 Qh6 23. Qg4 Be7 24. Ng2 Rf5 25. Re2 Rh5 26. Ne1 a5 27. c4 Bc5 28. Nc2 dxc4 29. bxc4 Rd8 30. Nd4 Bxd4 31. Rd1 Ba6 32. Rxd4 Rxd4 33. Bxd4 Bxc4 34. Rb2 b5 35. Rf2 a4 36. h4 Rf5 37. Be3 Qg6 38. Qxg6 hxg6 39. Kg2 Rf7 40. Rc2 Rd7 41. Rd2 Bd3 42. Bc5 Bf1+ 43. Kxf1 Rxd2 0-1

[Event "MVP-ch Seniors op 18th"]
[Site "Ostseebad Binz"]
[Date "2018.11.29"]
[Round "2"]
[White "Hobusch, Werner"]
[Black "Schencke, Guenther"]
[Result "1-0"]
[WhiteElo "2048"]
[BlackElo "1679"]
[PlyCount "101"]
[EventDate "2018.11.28"]
[EventType "swiss"]
[EventRounds "9"]
[EventCountry "GER"]
[SourceTitle "CBM 188 Extra"]
[Source "ChessBase"]
[SourceDate "2019.02.26"]
[SourceVersion "1"]
[SourceVersionDate "2019.02.26"]
[SourceQuality "1"]

1. e4 e6 2. d4 d5 3. Nc3 Nf6 4. Bg5 dxe4 5. Bxf6 Qxf6 6. Nxe4 Qd8 7. Nf3 Be7 8. Bd3 Nd7 9. 0-0 c5 10. Bb5 cxd4 11. Qxd4 0-0 12. Rad1 Nf6 13. Nxf6+ Bxf6 14. Qe4 Qc7 15. c3 Rd8 16. Ne5 Bxe5 17. Qxe5 Qe7 18. Qc5 Qxc5 19. Rxd8+ Qf8 20. Rfd1 a6 21. Rxf8+ Kxf8 22. Rd8+ Ke7 23. Re8+ Kd6 24. Bd3 g6 25. g4 Ke5 26. Rh8 Kf6 27. Rxh7 Bd7 28. g5+ Kxg5 29. Rxf7 Bc6 30. Rg7 Rd8 31. Rxg6+ Kh5 32. Rg3 e5 33. Re3 Kg4 34. Kf1 Kf4 35. Ke1 e4 36. Be2 Rg8 37. Rg3 Rh8 38. h3 Bd7 39. Bf1 a5 40. b3 Rh7 41. c4 Rh6 42. Rg7 Bc6 43. Rg4+ Kf5 44. Rg8 Rd6 45. h4 Rh6 46. Bh3+ Kf6 47. Rg4 Ke5 48. Rg5+ Kd4 49. h5 e3 50. Rxa5 exf2+ 51. Kxf2 1-0

[Event "MVP-ch Seniors op 17th"]
[Site "Binz"]
[Date "2017.12.05"]
[Round "7.5"]
[White "Hobusch, Werner"]
[Black "Daeubler, Heinrich"]
[Result "0-1"]
[WhiteElo "2048"]
[BlackElo "2175"]
[PlyCount "92"]
[EventDate "2017.11.29"]
[EventType "swiss"]
[EventRounds "9"]
[EventCountry "GER"]
[SourceTitle "EXT 2019"]
[Source "ChessBase"]
[SourceDate "2018.10.10"]
[SourceVersion "1"]
[SourceVersionDate "2018.10.10"]
[SourceQuality "1"]

1. e4 g6 2. d4 Bg7 3. f4 c6 4. Nf3 d5 5. e5 h5 6. Bd3 Nh6 7. Nbd2 Bg4 8. Nf1 Nf5 9. Bxf5 Bxf5 10. Ne3 Qd7 11. c3 Na6 12. Nxf5 Qxf5 13. Nh4 Qd7 14. 0-0 e6 15. Be3 Nc7 16. Bf2 Bf8 17. Nf3 Be7 18. h4 0-0-0 19. Ng5 Bxg5 20. fxg5 Ne8 21. Qa4 Kb8 22. b4 Ng7 23. Rfb1 Nf5 24. b5 Rc8 25. bxc6 Qxc6 26. Qb4 Rc7 27. Rb3 Rhc8 28. Rab1 b6 29. a4 Rb7 30. Qb5 Rcc7 31. Qxc6 Rxc6 32. a5 Kc7 33. axb6+ Rcxb6 34. Rxb6 Rxb6 35. Ra1 Kb7 36. Rc1 Rc6 37. Kf1 a5 38. Ke2 Ka6 39. Kd3 Ne7 40. c4 dxc4+ 41. Rxc4 Kb5 42. Rxc6 Nxc6 43. Kc3 a4 44. Be3 Nb4 45. Bf2 a3 46. Kb3 a2 0-1

[Event "MVP-ch Seniors op 17th"]
[Site "Binz"]
[Date "2017.11.29"]
[Round "1.25"]
[White "Mueller, Dietmar"]
[Black "Hobusch, Werner"]
[Result "0-1"]
[WhiteElo "1791"]
[BlackElo "2048"]
[PlyCount "56"]
[EventDate "2017.11.29"]
[EventType "swiss"]
[EventRounds "9"]
[EventCountry "GER"]
[SourceTitle "EXT 2019"]
[Source "ChessBase"]
[SourceDate "2018.10.10"]
[SourceVersion "1"]
[SourceVersionDate "2018.10.10"]
[SourceQuality "1"]

1. d4 Nf6 2. Nf3 b6 3. Bg5 Bb7 4. e3 e6 5. Be2 Be7 6. 0-0 Ne4 7. Bxe7 Qxe7 8. Nbd2 0-0 9. Nxe4 Bxe4 10. Bd3 f5 11. Bxe4 fxe4 12. Nd2 d5 13. f3 exf3 14. Nxf3 Nd7 15. Qd2 Rac8 16. Rae1 c5 17. c3 Qd6 18. e4 cxd4 19. Qxd4 Rc4 20. Qd2 Qc5+ 21. Kh1 Nf6 22. exd5 exd5 23. Ne5 Re4 24. Rxf6 Rxf6 25. Nd7 Rf2 26. Nxc5 Rxd2 27. Nxe4 dxe4 28. Rb1 e3 0-1

[Event "MVP-ch Seniors op 16th"]
[Site "Binz"]
[Date "2016.12.01"]
[Round "9.21"]
[White "Aigner, Georg"]
[Black "Hobusch, Werner"]
[Result "0-1"]
[WhiteElo "1906"]
[BlackElo "2026"]
[PlyCount "54"]
[EventDate "2016.11.23"]
[EventType "swiss"]
[EventRounds "9"]
[EventCountry "GER"]
[SourceTitle "EXT 2018"]
[Source "ChessBase"]
[SourceDate "2017.10.13"]
[SourceVersion "1"]
[SourceVersionDate "2017.10.13"]
[SourceQuality "1"]

1. e4 c5 2. Nf3 Nc6 3. Bb5 g6 4. 0-0 Bg7 5. Nc3 d6 6. h3 Bd7 7. Ne2 Nf6 8. Ng3 a6 9. Be2 h5 10. h4 Ng4 11. c3 b5 12. d4 cxd4 13. cxd4 Qb6 14. Be3 e5 15. Bd3 exd4 16. Bd2 Nce5 17. Ne1 Bf6 18. Bg5 Bxg5 19. hxg5 h4 20. Ne2 Bc6 21. Bc2 d3 22. Nxd3 h3 23. Ng3 hxg2 24. Kxg2 0-0-0 25. Rh1 Rxh1 26. Qxh1 Nxd3 27. Rf1 Ne1+ 0-1

[Event "MVP-ch Seniors op 15th"]
[Site "Binz"]
[Date "2015.11.30"]
[Round "7.14"]
[White "Mueller Clostermann, Bruno"]
[Black "Hobusch, Werner"]
[Result "1/2-1/2"]
[WhiteElo "2014"]
[BlackElo "1882"]
[PlyCount "33"]
[EventDate "2015.11.24"]
[EventType "swiss"]
[EventRounds "9"]
[EventCountry "GER"]
[SourceTitle "EXT 2017"]
[Source "ChessBase"]
[SourceDate "2016.10.25"]
[SourceVersion "1"]
[SourceVersionDate "2016.10.25"]
[SourceQuality "1"]

1. d4 Nf6 2. g3 e6 3. c4 d5 4. Bg2 c5 5. Nf3 cxd4 6. cxd5 Bb4+ 7. Bd2 Nxd5 8. Bxb4 Nxb4 9. Qa4+ N4c6 10. 0-0 0-0 11. Rd1 Qb6 12. Rd2 e5 13. Na3 Nd7 14. Nc4 Qc7 15. Qa3 Nb6 16. Rc1 Nxc4 17. Rxc4 1/2-1/2

[Event "MVP-ch Seniors op 15th"]
[Site "Binz"]
[Date "2015.11.25"]
[Round "2.32"]
[White "Hobusch, Werner"]
[Black "Perk, Egbert"]
[Result "1/2-1/2"]
[WhiteElo "1882"]
[BlackElo "1755"]
[PlyCount "135"]
[EventDate "2015.11.24"]
[EventType "swiss"]
[EventRounds "9"]
[EventCountry "GER"]
[SourceTitle "EXT 2017"]
[Source "ChessBase"]
[SourceDate "2016.10.25"]
[SourceVersion "1"]
[SourceVersionDate "2016.10.25"]
[SourceQuality "1"]

1. e4 g6 2. d4 Bg7 3. c3 d6 4. f4 Nf6 5. Bd3 0-0 6. Nf3 c5 7. dxc5 dxc5 8. e5 Nd5 9. Be4 e6 10. 0-0 f5 11. Bxd5 exd5 12. Be3 b6 13. Na3 a6 14. Qb3 h6 15. Rad1 Be6 16. Qc2 Qe8 17. b4 Nd7 18. bxc5 bxc5 19. Qa4 Qc8 20. Rb1 Qc7 21. Rb2 Rfc8 22. Rfb1 Ra7 23. Nc2 Bf8 24. Nce1 Qc6 25. Qxc6 Rxc6 26. Nd3 Rac7 27. h3 Kh7 28. Nf2 Be7 29. g4 Nf8 30. Kg2 Bc8 31. Rd1 Be6 32. Kg3 Nd7 33. Rdb1 Nf8 34. Rb8 Bc8 35. Rd1 Nd7 36. Rb2 Nb6 37. Re2 Be6 38. Nd2 Na4 39. Rc1 Nxc3 40. Rxc3 d4 41. Bxd4 cxd4 42. Rxc6 Rxc6 43. Nf3 Rc3 44. Nd1 Ra3 45. Kf2 Bc5 46. Rc2 Rxa2 47. Rxa2 Bxa2 48. gxf5 gxf5 49. Nd2 Bd5 50. Nb2 Kg6 51. Nd3 Bb6 52. Ke2 a5 53. Nb2 Kf7 54. Kd3 Ke6 55. Nbc4 Bd8 56. Kxd4 Bg2 57. h4 Bxh4 58. Nxa5 Bf2+ 59. Kd3 h5 60. Nab3 h4 61. Ke2 Bb6 62. Nf3 h3 63. Nbd4+ Kd5 64. Nxf5 Ke4 65. N5h4 Kxf4 66. e6 Bc5 67. e7 Bxe7 68. Nxg2+ 1/2-1/2

[Event "GER-chA Seniors 27th"]
[Site "Magdeburg"]
[Date "2015.08.17"]
[Round "3"]
[White "Manthey, Wolfgang"]
[Black "Hobusch, Werner"]
[Result "1/2-1/2"]
[WhiteElo "1833"]
[BlackElo "2061"]
[PlyCount "63"]
[EventDate "2015.08.15"]
[EventType "swiss"]
[EventRounds "9"]
[EventCountry "GER"]
[SourceTitle "EXT 2018"]
[Source "ChessBase"]
[SourceDate "2017.10.13"]
[SourceVersion "1"]
[SourceVersionDate "2017.10.13"]
[SourceQuality "1"]

1. g3 c5 2. Bg2 Nc6 3. Nf3 g6 4. 0-0 Bg7 5. d3 Nf6 6. e4 d6 7. c3 Bg4 8. h3 Bd7 9. Be3 Qc8 10. Kh2 h6 11. Qd2 c4 12. Ne1 cxd3 13. Nxd3 Ne5 14. Nxe5 dxe5 15. Rd1 Bc6 16. f3 h5 17. Na3 0-0 18. Qf2 b6 19. Rd2 Qc7 20. Rad1 Rfd8 21. Bf1 Ne8 22. Nb5 Bxb5 23. Bxb5 Nd6 24. Be2 Nb7 25. Ba6 Rxd2 26. Rxd2 Nd6 27. Qe2 Rd8 28. Qd1 Bf6 29. h4 Kg7 30. a4 Nb7 31. Rxd8 Nxd8 32. Bb5 1/2-1/2

[Event "Sachsen-Anhalt-ch Seniors 23rd"]
[Site "Halberstadt"]
[Date "2015.06.02"]
[Round "3"]
[White "Hobusch, Werner"]
[Black "Gerhardt, Peter Michael"]
[Result "1/2-1/2"]
[WhiteElo "1929"]
[BlackElo "1823"]
[PlyCount "37"]
[EventDate "2015.05.31"]
[EventType "swiss"]
[EventRounds "7"]
[EventCountry "GER"]
[SourceTitle "EXT 2018"]
[Source "ChessBase"]
[SourceDate "2017.10.13"]
[SourceVersion "1"]
[SourceVersionDate "2017.10.13"]
[SourceQuality "1"]

1. e4 c5 2. Nf3 a6 3. d4 cxd4 4. Nxd4 Nf6 5. Bd3 e5 6. Ne2 d5 7. Nd2 Bc5 8. 0-0 0-0 9. Nb3 dxe4 10. Nxc5 exd3 11. Qxd3 Qxd3 12. Nxd3 Nc6 13. Bg5 Ne4 14. Be3 b5 15. f3 Nd6 16. Bc5 Rd8 17. Bb6 Re8 18. b3 e4 19. fxe4 1/2-1/2

[Event "MVP-ch Seniors op 14th"]
[Site "Binz"]
[Date "2014.12.03"]
[Round "9"]
[White "Willin, Bernhard"]
[Black "Hobusch, Werner"]
[Result "0-1"]
[WhiteElo "1776"]
[BlackElo "1908"]
[PlyCount "80"]
[EventDate "2014.11.25"]
[EventType "swiss"]
[EventRounds "9"]
[EventCountry "GER"]
[SourceTitle "EXT 2016"]
[Source "ChessBase"]
[SourceDate "2015.10.08"]
[SourceVersion "1"]
[SourceVersionDate "2015.10.08"]
[SourceQuality "1"]

1. d4 Nf6 2. Nf3 e6 3. Bg5 h6 4. Bh4 c5 5. c3 Be7 6. Nbd2 d5 7. e3 Ne4 8. Bxe7 Qxe7 9. Ne5 Nxd2 10. Qxd2 0-0 11. Bd3 Nc6 12. f4 cxd4 13. exd4 Nxe5 14. fxe5 Qh4+ 15. g3 Qh3 16. Rf1 Bd7 17. Qe2 f5 18. exf6 Rxf6 19. Rxf6 gxf6 20. Kd2 e5 21. Qf2 e4 22. Bf1 Qe6 23. Ke3 Kh7 24. Rd1 b5 25. Rd2 Rg8 26. Qf4 Qb6 27. Rf2 Rg6 28. Be2 f5 29. Qe5 Qd6 30. Qxd6 Rxd6 31. Kf4 Kg6 32. Ke5 Rb6 33. Kxd5 Be6+ 34. Kc5 Bxa2 35. Bxb5 Bb1 36. b4 e3 37. Re2 Rxb5+ 38. Kxb5 Bd3+ 39. Kc5 Bxe2 40. d5 Ba6 0-1

[Event "MVP-ch Seniors op 14th"]
[Site "Binz"]
[Date "2014.11.29"]
[Round "5"]
[White "Pamperin, Gerhard"]
[Black "Hobusch, Werner"]
[Result "1/2-1/2"]
[WhiteElo "1773"]
[BlackElo "1908"]
[PlyCount "127"]
[EventDate "2014.11.25"]
[EventType "swiss"]
[EventRounds "9"]
[EventCountry "GER"]
[SourceTitle "EXT 2016"]
[Source "ChessBase"]
[SourceDate "2015.10.08"]
[SourceVersion "1"]
[SourceVersionDate "2015.10.08"]
[SourceQuality "1"]

1. d4 Nf6 2. Nf3 e6 3. c4 d5 4. Nc3 c5 5. cxd5 Nxd5 6. e3 Nc6 7. Bb5 Nxc3 8. bxc3 Qa5 9. Bxc6+ bxc6 10. Bd2 Be7 11. 0-0 0-0 12. Qc2 Ba6 13. Rfb1 c4 14. e4 Rab8 15. Bf4 Rxb1+ 16. Rxb1 g5 17. Bc1 f6 18. h3 Kg7 19. e5 h6 20. exf6+ Bxf6 21. a4 Qd5 22. Ba3 Ra8 23. Qe2 Qf5 24. Rb2 Re8 25. Bd6 Qa5 26. Qc2 Qf5 27. Qe2 Qa5 28. Qd1 Qxc3 29. Rb1 Qd3 30. Bc5 c3 31. Qxd3 Bxd3 32. Rc1 Be4 33. Rxc3 Bxf3 34. Rxf3 a6 35. Rb3 Rd8 36. Rb6 e5 37. dxe5 Bxe5 38. g3 Rd1+ 39. Kg2 a5 40. Rxc6 Ra1 41. Re6 Bc3 42. Re4 Ra2 43. Rc4 Be1 44. h4 gxh4 45. Rxh4 Kg6 46. Re4 Bc3 47. g4 Bf6 48. Kg3 h5 49. gxh5+ Kxh5 50. Kf4 Kg6 51. Rc4 Bh4 52. Kf3 Bg5 53. Kg4 Bd2 54. f4 Kf6 55. f5 Kf7 56. Kf3 Bg5 57. Ke4 Be7 58. Bxe7 Kxe7 59. Ke5 Re2+ 60. Re4 Ra2 61. f6+ Kf7 62. Kf5 Rf2+ 63. Rf4 Rxf4+ 64. Kxf4 1/2-1/2

[Event "MVP-ch Seniors op 14th"]
[Site "Binz"]
[Date "2014.11.27"]
[Round "3"]
[White "Memmel, Guenther"]
[Black "Hobusch, Werner"]
[Result "0-1"]
[WhiteElo "1758"]
[BlackElo "1908"]
[PlyCount "79"]
[EventDate "2014.11.25"]
[EventType "swiss"]
[EventRounds "9"]
[EventCountry "GER"]
[SourceTitle "EXT 2016"]
[Source "ChessBase"]
[SourceDate "2015.10.08"]
[SourceVersion "1"]
[SourceVersionDate "2015.10.08"]
[SourceQuality "1"]

1. e4 c5 2. Nf3 Nc6 3. d4 cxd4 4. Nxd4 g6 5. Nxc6 bxc6 6. Qd4 f6 7. Bc4 e5 8. Qd3 Ne7 9. Nc3 Bb7 10. Be3 d5 11. exd5 cxd5 12. Bb5+ Kf7 13. Bc5 Nf5 14. Bxf8 Rxf8 15. 0-0-0 d4 16. Ne4 Rc8 17. h4 Qd5 18. f3 Qxa2 19. Qa3 Qxa3 20. bxa3 Bxe4 21. fxe4 Ne3 22. Rd2 Rc3 23. a4 Rfc8 24. Bd3 Ra3 25. Kb2 Rxa4 26. Kb3 Ra5 27. Kb4 Rac5 28. Ra1 R8c7 29. g3 Rc3 30. Ra5 Rb7+ 31. Rb5 Rxb5+ 32. Kxb5 Ke6 33. Kb4 f5 34. Rf2 fxe4 35. Bxe4 Nd5+ 36. Bxd5+ Kxd5 37. Rf7 Rxc2 38. Rd7+ Ke4 39. Kb3 Rc6 40. Rxa7 0-1

[Event "MVP-ch Seniors op 14th"]
[Site "Binz"]
[Date "2014.11.25"]
[Round "1"]
[White "Moews, Harald"]
[Black "Hobusch, Werner"]
[Result "0-1"]
[WhiteElo "1552"]
[BlackElo "1908"]
[PlyCount "74"]
[EventDate "2014.11.25"]
[EventType "swiss"]
[EventRounds "9"]
[EventCountry "GER"]
[SourceTitle "EXT 2016"]
[Source "ChessBase"]
[SourceDate "2015.10.08"]
[SourceVersion "1"]
[SourceVersionDate "2015.10.08"]
[SourceQuality "1"]

1. e4 c5 2. c4 Nc6 3. Nc3 g6 4. d3 Bg7 5. Be3 d6 6. Qd2 Nd4 7. Be2 Nf6 8. f3 h5 9. h4 Bd7 10. Bd1 a6 11. Nge2 e5 12. Bg5 Bc6 13. Nxd4 cxd4 14. Nd5 Bxd5 15. cxd5 Rc8 16. Be2 Qb6 17. 0-0 Nd7 18. Rfc1 0-0 19. Rxc8 Rxc8 20. Rc1 Rc5 21. Rxc5 Nxc5 22. Qc2 f5 23. Bd2 fxe4 24. fxe4 Nxe4 25. Qc8+ Kh7 26. Bc1 Nf6 27. Qe6 Qc5 28. Bg5 Qxd5 29. Qe7 Ng8 30. Qc7 Qc6 31. Qf7 d5 32. g4 hxg4 33. h5 gxh5 34. Qxh5+ Nh6 35. Bxg4 Qg6 36. Qh4 Kg8 37. Bh3 Nf7 0-1

[Event "Sachsen-Anhalt-ch Seniors 22nd"]
[Site "Halberstadt"]
[Date "2014.05.27"]
[Round "3"]
[White "Hobusch, Werner"]
[Black "Kahn, Peter"]
[Result "1-0"]
[WhiteElo "1916"]
[BlackElo "1954"]
[PlyCount "25"]
[EventDate "2014.05.25"]
[EventType "swiss"]
[EventRounds "7"]
[EventCountry "GER"]
[SourceTitle "EXT 2018"]
[Source "ChessBase"]
[SourceDate "2017.10.13"]
[SourceVersion "1"]
[SourceVersionDate "2017.10.13"]
[SourceQuality "1"]

1. e4 e5 2. Nf3 Nc6 3. Bb5 g6 4. d4 exd4 5. Bg5 Be7 6. Bxe7 Qxe7 7. Bxc6 dxc6 8. Qxd4 Nf6 9. Nc3 0-0 10. 0-0-0 Bg4 11. e5 Bxf3 12. exf6 Qd6 13. gxf3 1-0

[Event "MVP-ch Seniors op 12th"]
[Site "Binz"]
[Date "2012.12.06"]
[Round "9"]
[White "Schreiber, Kurt"]
[Black "Hobusch, Werner"]
[Result "1-0"]
[WhiteElo "2038"]
[BlackElo "1930"]
[PlyCount "83"]
[EventDate "2012.11.28"]
[EventType "swiss"]
[EventRounds "9"]
[EventCountry "GER"]
[SourceTitle "EXT 2014"]
[Source "ChessBase"]
[SourceDate "2013.11.20"]
[SourceVersion "1"]
[SourceVersionDate "2013.11.20"]
[SourceQuality "1"]

1. d4 Nf6 2. c4 e6 3. g3 c5 4. d5 d6 5. Nc3 exd5 6. cxd5 Be7 7. Bg2 0-0 8. Nf3 Qa5 9. 0-0 b5 10. Re1 b4 11. Nb1 Bb7 12. e4 Nfd7 13. Nbd2 Qc7 14. Nc4 Nb6 15. Nfd2 Nxc4 16. Nxc4 Ba6 17. Nxd6 Bxd6 18. e5 Bb7 19. exd6 Qxd6 20. Bf4 Qd8 21. Qe2 Nd7 22. Qb5 Qc8 23. Bh3 f5 24. Re7 Nb6 25. Rc7 Ba6 26. Qxc5 Qd8 27. Qd4 Rf7 28. Rxf7 Kxf7 29. d6 Qd7 30. Bg2 Rc8 31. Re1 Re8 32. Rxe8 Kxe8 33. Qxb4 Kf7 34. h4 Qb5 35. Qc3 Nd5 36. Qe5 Nxf4 37. Qe7+ Kg6 38. gxf4 Qxb2 39. Qe6+ Qf6 40. h5+ Kxh5 41. Qxf6 gxf6 42. d7 1-0

[Event "MVP-ch Seniors op 12th"]
[Site "Binz"]
[Date "2012.12.05"]
[Round "8"]
[White "Hobusch, Werner"]
[Black "Kluger, Hans Peter"]
[Result "1-0"]
[WhiteElo "1930"]
[BlackElo "1768"]
[PlyCount "63"]
[EventDate "2012.11.28"]
[EventType "swiss"]
[EventRounds "9"]
[EventCountry "GER"]
[SourceTitle "EXT 2014"]
[Source "ChessBase"]
[SourceDate "2013.11.20"]
[SourceVersion "1"]
[SourceVersionDate "2013.11.20"]
[SourceQuality "1"]

1. e4 e5 2. Nf3 Nc6 3. Bb5 Nf6 4. 0-0 d6 5. d4 exd4 6. Nxd4 Bd7 7. Nc3 Ne5 8. Bxd7+ Qxd7 9. Bg5 Be7 10. Nf5 h6 11. Nxg7+ Kf8 12. Bxf6 Bxf6 13. Nh5 Bd8 14. f4 Ng6 15. Kh1 c6 16. e5 d5 17. Ne4 b6 18. Nef6 Qc8 19. Qd3 Ne7 20. Nh7+ Kg8 21. N5f6+ Kg7 22. Qg3+ Ng6 23. f5 Rxh7 24. Nxh7 Kxh7 25. fxg6+ Kh8 26. gxf7 Be7 27. Qg6 Qf8 28. Rf3 Bg5 29. Raf1 c5 30. h4 Be7 31. Rg3 d4 32. Qe6 1-0

[Event "MVP-ch Seniors op 12th"]
[Site "Binz"]
[Date "2012.12.02"]
[Round "5"]
[White "Jung, Werner"]
[Black "Hobusch, Werner"]
[Result "0-1"]
[WhiteElo "1849"]
[BlackElo "1930"]
[PlyCount "40"]
[EventDate "2012.11.28"]
[EventType "swiss"]
[EventRounds "9"]
[EventCountry "GER"]
[SourceTitle "EXT 2014"]
[Source "ChessBase"]
[SourceDate "2013.11.20"]
[SourceVersion "1"]
[SourceVersionDate "2013.11.20"]
[SourceQuality "1"]

1. e4 c5 2. Nf3 Nc6 3. d4 cxd4 4. Nxd4 g6 5. Be3 Bg7 6. Nc3 Nf6 7. Nxc6 bxc6 8. e5 Nd5 9. Nxd5 cxd5 10. Qxd5 Rb8 11. 0-0-0 0-0 12. f4 d6 13. Qd2 Qc7 14. Bd4 dxe5 15. Bxe5 Bxe5 16. fxe5 Qxe5 17. Qd4 Qa5 18. Bc4 Bb7 19. Rd2 Rbd8 20. Bxf7+ Kxf7 0-1